| 000 | 01647nam a2200385 a 4500 | ||
|---|---|---|---|
| 001 | 12788 | ||
| 003 | BD-JhCC | ||
| 005 | 20230512204002.0 | ||
| 008 | 120918s2012 enk b 000 0 eng d | ||
| 020 | _a9781565643635 (pbk.) | ||
| 020 | _a1565643631 (pbk.) | ||
| 020 | _a9781565643642 (hardback) | ||
| 020 | _a156564364X (hardback) | ||
| 035 | _a(BD-JhCC)12788 | ||
| 040 |
_aNLE _erda _cNLE _dOCLCO _dGHS _dOCLCO _dUkOxU _dBD-JhCC |
||
| 050 | 4 |
_aBP168 _b.A492 2011 |
|
| 082 |
_a297.22 _bALA 2012 |
||
| 100 | 1 |
_aʿAlwānī, Ṭāhā Jābir Fayyāḍ, _eauthor. |
|
| 245 | 1 | 0 |
_aApostasy in Islam : _ba historical and scriptural analysis / _cTaha Jabir Alalwani ; based on the original Arabic translated by Nancy Roberts. |
| 264 | 1 |
_aLondon : _bInternational Institute of Islamic Thought, _c[2012?]. |
|
| 300 |
_aix, 157 pages ; _c23 cm |
||
| 336 |
_atext _2rdacontent |
||
| 337 |
_aunmediated _2rdamedia |
||
| 338 |
_avolume _2rdacarrier |
||
| 500 | _aThe original manuscript was abridged by Dr. Iqbal Unus. cf. Foreword. | ||
| 504 | _aIncludes bibliographical references (pages [133]-154). | ||
| 505 | 0 | _aIs apostasy a capital crime? -- The Qurʼanic description of apostasy -- Apostasy during the Prophet's life -- Response to apostasy in the verbal sunnah -- Muslim jurists' views on the penalty for apostasy -- Muslim scholars who have been accused of apostasy. | |
| 650 | 0 |
_aApostasy _xIslam. |
|
| 650 | 0 | _aApostasy (Islamic law) | |
| 700 | 1 |
_aRoberts, Nancy N., _eeditor. |
|
| 710 | 2 | _aInternational Institute of Islamic Thought. | |
| 942 |
_2ddc _cBK |
||
| 999 |
_c12788 _d12788 |
||